| 000 | 01541na a2200409 4500 | ||
|---|---|---|---|
| 999 |
_c2737 _d2737 |
||
| 001 | 20781 | ||
| 003 | MIRAKIL | ||
| 005 | 20200304151301.0 | ||
| 008 | 170126b tu 000 0 | ||
| 035 | _a20781 | ||
| 040 |
_aTR-AnCHP _btur _cTR-AnCHP |
||
| 041 | _atur | ||
| 082 |
_aCHP 305.4 _bB29k 2004 |
||
| 090 | _aBROŞÜR 212 | ||
| 100 |
_aBaykal, Deniz _cCHP Genel Başkanı |
||
| 222 | _aKurultay konuşmaları | ||
| 245 |
_aCHP Genel Başkanı Deniz Baykal'ın Kadın Kolları Kurultayında yaptığı konuşma: _b5 Aralık 2004/ _c[Deniz Baykal]. |
||
| 246 | _aCHP kadın kurultayı | ||
| 246 | _aCHP kadın kolları kurultayı | ||
| 260 |
_aAnkara: _bCHP, _c2004. |
||
| 300 |
_a24 s.: _c20 sm. |
||
| 440 |
_aCumhuriyet Halk Partisi yayınları _pBroşürler |
||
| 500 | _aDış kapakta yapıt adı: CHP kadın Kurultayı | ||
| 600 |
_aBaykal, Deniz _cCHP Genel Başkanı _xKonuşmalar, 2004 _yKurultay, Kadın |
||
| 610 |
_aCumhuriyet Halk Partisi (CHP) _bKadın Kolları _xKurultaylar, 2004 |
||
| 610 |
_aCumhuriyet Halk Partisi _f2004 _xKurultaylar, Kadın |
||
| 610 |
_aCHP _xKadın sorunu _yÇözüm önerileri |
||
| 650 |
_aKadınlar _xSiyasal etkinlik _zTürkiye |
||
| 711 |
_aCHP Kadın Kolları Kurultayı _cAnkara _d5 Aralık 2004 |
||
| 740 | _aCHP Kadın Kurultayı | ||
| 740 | _aCHP Kadın Kolları Kurultayı | ||
| 830 | _aCHP broşürleri | ||
| 856 | _zDijital Nüshası için Partimizin Kütüphane Sorumlusu ile iletişime geçiniz. | ||
| 942 |
_2ddc _cVIS |
||
| 999 | _d2737 | ||